Normal view
MARC view
- Escritura creativa
Entry Materia
001 - NÚMERO DE CONTROL DEL REGISTRO
- campo de control: 12783
003 - IDENTIFICADOR DE NUMERO DE CONTROL
- campo de control: UPN
005 - FECHA Y HORA DE LA ÚLTIMA TRANSACCIÓN
- campo de control: 20240207083650.0
008 - DATOS DE LONGITUD FIJA
- campo de control de longitud fija: 230209nn annnnbabn n |na |d
035 ## - NÚMERO DE CONTROL DEL SISTEMA
- Número de control del sistema: UPN10000012791
040 ## - FUENTE DE LA CATALOGACIÓN
- Lengua de catalogación: spa
- Centro catalogador de origen: MX-MxUPN
046 ## - FECHAS CON CODIFICACIÓN ESPECIAL
- Fecha final para contenidos agregados: 2023
150 ## - ENCABEZAMIENTO - TEMÁTICO
- Término de materia o nombre geográfico como elemento inicial: Escritura creativa
670 ## - FUENTE EN LA QUE SE LOCALIZARON DATOS
- Cita de la fuente: LC Authorities, 09 febrero 2023
- Información localizada: (Creative writing)
- Identificador Uniforme del Recurso: https://lccn.loc.gov/n91101152
902 ## - CATALOGADOR
- Catalogador: MMA/310501
902 ## - CATALOGADOR
- Catalogador: VíctorGodínez/090223
